Danish Cities/Towns - Sudden Death - Statistics

General Stats
  • This quiz has been taken 71 times
    34 since last reset
  • The average score is 10 of 15
Answers on the Grid
Answers color-coded by a green-red scale on the quiz's grid according to % correct below.
Oslo
Copenhagen
Odense
Kolding
Helsinki
Turku
Vantaa
Randers
Gothenburg
Hørning
Sorø
Esbjerg
Trondheim
Bodø
Hamar
Aarhus
Sønderborg
Roskilde
Gdańsk
Húsavík
Kolt
Løgten
Akureyr
Hafnarfjörður
Arhus
Floro
Vejle
As
Selfoss
Greve
 
Answer Stats
Answer % Correct
Copenhagen
100%
Odense
86%
Roskilde
86%
Aarhus
82%
Esbjerg
82%
Randers
82%
Sønderborg
82%
Vejle
82%
Kolding
77%
Hørning
64%
Arhus
55%
Greve
50%
Sorø
50%
Løgten
27%
Kolt
14%
No matching quizzes found
Score Distribution
Percent of People with Each Score
Percentile by Number Answered
Your Score History
You have not taken this quiz since the last reset